000
00233nam a22001097a 4500
082
_a
923.1 SUL'M
100
_a
SULERI, Z. A
_9
437
245
_a
MY LEADER
260
_a
LAHORE
_b
DAILY NAWA-I-WAQT
_c
1960
300
_a
119P
942
_c
BK
999
_c
584409
_d
584409